Trigonometría plana y esférica; con tablas trigonométricas
সংরক্ষণ করুন:
| প্রধান লেখক: | |
|---|---|
| অন্যান্য লেখক: | |
| বিন্যাস: | গ্রন্থ |
| ভাষা: | Spanish |
| প্রকাশিত: |
México : UTEHA,
1950.
|
| সংস্করন: | 3. edición revisada por P.F. Smith y J.S. Mikesh. |
| বিষয়গুলি: | |
| ট্যাগগুলো: |
ট্যাগ যুক্ত করুন
কোনো ট্যাগ নেই, প্রথমজন হিসাবে ট্যাগ করুন!
|
MARC
| LEADER | 00000nam a2200000Ia 4500 | ||
|---|---|---|---|
| 003 | 002186 | ||
| 005 | 20221231143955.0 | ||
| 008 | 140114s1950 mx a 000 ||spa d | ||
| 040 | |c cru CEDI | ||
| 082 | |a 514 G765t3 | ||
| 100 | |a Granville, Willian Anthony, 1863 - 1943 |9 21360 | ||
| 245 | |a Trigonometría plana y esférica; con tablas trigonométricas | ||
| 250 | |a 3. edición revisada por P.F. Smith y J.S. Mikesh. | ||
| 260 | |a México : UTEHA, |c 1950. | ||
| 300 | |a xiv, 469 páginas : ilustraciones, tablas ; 19 cm | ||
| 500 | |a Título original en inglés : Plane and Spherical Trigonometry | ||
| 650 | |x TRIGONOMETRIA PLANA |x TRIGONOMETRIA ESFERICA |9 3602 | ||
| 700 | |9 19019 |a García Díaz, Rafael |d Traductor | ||
| 942 | |2 ddc |c BK | ||
| 999 | |c 15032 |d 15032 | ||
